Progressive problems in physics

Gespeichert in:
Bibliographische Detailangaben
1. Verfasser: Miller, Fred R.
Format: keine Angabe
Sprache:Englisch
Erschienen: Boston D C Heath & Co, publishers cop 1917
Ausgabe:Rev
Katalog:MANES:  Suchergebnis im Bibliothekskatalog
Schulbuchspezifische Eigenschaften:
Tags: Tag hinzufügen
Keine Tags, Fügen Sie den ersten Tag hinzu!
Hinzugefügt zu:26.04.2016
Geändert in:30.01.2026

MARC

LEADER 000000000a22000000004500
001 34260
003 OSt
005 20260130095018.0
008 160427s uk ||||| |||| 00| 0 eng d
040 |a manes  |c manes 
041 |a Inglés 
100 1 |a Miller, Fred R.  |9 19726 
245 0 0 |a Progressive problems in physics 
250 |a Rev 
260 3 |a Boston  |b D C Heath & Co, publishers  |c cop 1917 
300 |a VI, 218 p.  |c 19 cm 
500 |a Signatura Topográfica: 875. Enc. tela. Sellos en portada: "Instituto-Escuela de Segunda Enseñanza, Madrid" y "Junta para Ampliación de Estudios, Madrid". 
690 |a FQ 
691 0 |a SE 
942 |2 ddc  |c BK 
546 |a España 
999 |c 41222  |d 41222 
999 |c manes:41222  |d 41222